000 00466nam a2200169 a 4500
001 0000-8954
003 ELIB.Books
008 110520 2003
035 _a(ELIB.Books)0000-9103
082 _aB.Th
_bSay
100 _aSay Heh, Naw
245 _aTowards a Better and Effective Sunday School Program for the
260 _bInsein: Karen Baptist Theolgical Seminary
_c2003
650 _aThesis
942 _2ddc
_cBK
998 _cbat
_e2011-05-20
999 _c8954
_d8954